[Event "Wch Blitz"]
[Site "Samarkand"]
[Date "2023.12.30"]
[Round "16"]
[White "Rojas Salas, Steven"]
[Black "Khusnutdinov, Rustam"]
[Result "0-1"]
[WhiteElo "2172"]
[BlackElo "2429"]
[PlyCount "68"]
[EventDate "2023.12.29"]
[EventType "swiss (blitz)"]
[EventRounds "21"]
[EventCountry "UZB"]
[SourceTitle "CB01_2024"]
[SourceDate "2024.01.03"]
[SourceVersion "1"]
[SourceVersionDate "2024.01.03"]
[SourceQuality "1"]

1. d4 d5 2. c4 e6 3. Nc3 Nf6 4. cxd5 exd5 5. Bg5 Be7 6. e3 h6 7. Bf4 0-0 8. Bd3 c6 9. h3 Nbd7 10. Nf3 Re8 11. 0-0 Nf8 12. Rb1 Ne6 13. Bh2 a5 14. a3 Ng5 15. Ne5 Nge4 16. Qc2 Nxc3 17. Qxc3 Bd6 18. b4 axb4 19. axb4 Qe7 20. b5 c5 21. Ra1 cxd4 22. exd4 Be6 23. Qc2 Rec8 24. Qe2 Qc7 25. Bf4 Qc3 26. Rad1 Qb3 27. Qf3 Rc3 28. Rb1 Qa3 29. Rfc1 Rac8 30. Rd1 Bf5 31. Bxf5 Rxf3 32. gxf3 Re8 33. Kg2 Nh5 34. Bh2 Qa5 0-1

[Event "Wch Blitz"]
[Site "Samarkand"]
[Date "2023.12.29"]
[Round "5"]
[White "Rojas Salas, Steven"]
[Black "Tregubenko, Nikolay"]
[Result "0-1"]
[WhiteElo "2172"]
[BlackElo "2017"]
[PlyCount "79"]
[EventDate "2023.12.29"]
[EventType "swiss (blitz)"]
[EventRounds "21"]
[EventCountry "UZB"]
[SourceTitle "CB01_2024"]
[SourceDate "2024.01.03"]
[SourceVersion "1"]
[SourceVersionDate "2024.01.03"]
[SourceQuality "1"]

1. d4 Nf6 2. c4 g6 3. g3 Bg7 4. Bg2 0-0 5. Nc3 d6 6. Nf3 c6 7. 0-0 Nbd7 8. e4 e5 9. Be3 Qc7 10. h3 a6 11. Qc2 exd4 12. Nxd4 Nc5 13. Rad1 Ne6 14. a4 Nxd4 15. Bxd4 Be6 16. b3 Rad8 17. Qb2 Ne8 18. Ne2 Bxd4 19. Nxd4 Ng7 20. f4 c5 21. Nf3 Rfe8 22. Kh2 Bd7 23. Qc2 Bc6 24. Rde1 b5 25. axb5 axb5 26. f5 f6 27. Nh4 g5 28. Nf3 Re7 29. Nd2 Rde8 30. Nb1 b4 31. Nd2 Ra8 32. Ra1 Ree8 33. Qd3 h5 34. Kg1 Kh7 35. h4 g4 36. Rfe1 Kg8 37. Nf1 Rxa1 38. Rxa1 Ra8 39. Rxa8+ Bxa8 40. e5 0-1

[Event "Wch Blitz"]
[Site "Samarkand"]
[Date "2023.12.29"]
[Round "8"]
[White "Yonal, Timur"]
[Black "Rojas Salas, Steven"]
[Result "0-1"]
[WhiteElo "2003"]
[BlackElo "2172"]
[PlyCount "72"]
[EventDate "2023.12.29"]
[EventType "swiss (blitz)"]
[EventRounds "21"]
[EventCountry "UZB"]
[SourceTitle "CB01_2024"]
[SourceDate "2024.01.03"]
[SourceVersion "1"]
[SourceVersionDate "2024.01.03"]
[SourceQuality "1"]

1. e4 c5 2. Nc3 e6 3. Nf3 a6 4. d4 cxd4 5. Nxd4 b5 6. Be2 Bb7 7. 0-0 Nc6 8. Be3 Qc7 9. Kh1 Nf6 10. a3 h5 11. f3 Rc8 12. Qd2 Ne5 13. Rad1 d6 14. Qe1 Nc4 15. Bxc4 Qxc4 16. Qf2 h4 17. Nb3 Qc7 18. Bb6 Qb8 19. Rd2 Be7 20. Rfd1 Nd7 21. Bd4 Kf8 22. Kg1 Ba8 23. Ba7 Qc7 24. Be3 h3 25. g3 Ne5 26. Re2 Nc4 27. Bc1 Nxa3 28. f4 Nc4 29. f5 Bf6 30. fxe6 fxe6 31. Bg5 Ke7 32. Bxf6+ gxf6 33. Rf1 Rcf8 34. Nd4 Qc5 35. Kh1 Kd7 36. Nd1 f5 0-1

[Event "Wch Rapid"]
[Site "Samarkand"]
[Date "2023.12.26"]
[Round "1"]
[White "Rojas Salas, Steven"]
[Black "Demchenko, Anton"]
[Result "0-1"]
[WhiteElo "2172"]
[BlackElo "2609"]
[PlyCount "98"]
[EventDate "2023.12.26"]
[EventType "swiss (rapid)"]
[EventRounds "13"]
[EventCountry "UZB"]
[SourceTitle "CB01_2024"]
[SourceDate "2024.01.03"]
[SourceVersion "1"]
[SourceVersionDate "2024.01.03"]
[SourceQuality "1"]

1. d4 Nf6 2. c4 g6 3. g3 Bg7 4. Bg2 0-0 5. Nc3 d6 6. Nf3 Re8 7. 0-0 Bd7 8. h3 Qc8 9. Kh2 e5 10. e4 Nc6 11. Be3 exd4 12. Nxd4 Ne5 13. Qe2 a6 14. a4 c5 15. Nc2 Be6 16. Na3 Nc6 17. Qd2 Nd4 18. Bxd4 cxd4 19. Ne2 Bd7 20. f3 Bxa4 21. Nxd4 Qc5 22. Ne2 Rad8 23. b4 Qe5 24. Rab1 d5 25. cxd5 Nxd5 26. Qc1 Qe7 27. Re1 Nxb4 28. Qc4 a5 29. Nf4 Rc8 30. Qf1 Be5 31. Ne2 Nd3 32. Nb5 Nxe1 33. Qxe1 Qc5 34. Qxa5 Qc2 35. Na3 Qxe2 36. Qxa4 Red8 37. Qb5 Rd2 38. Qxe2 Rxe2 39. f4 Bd6 40. Nb5 Rcc2 41. Nxd6 Rxg2+ 42. Kh1 Rh2+ 43. Kg1 Rcg2+ 44. Kf1 Rd2 45. Kg1 Rxh3 46. e5 Rxg3+ 47. Kh1 Rf3 48. f5 gxf5 49. Rg1+ Kf8 0-1

[Event "Moscow RSHSH"]
[Site "Moscow"]
[Date "2023.08.19"]
[Round "7"]
[White "Usov, Aleksandr E"]
[Black "Rojas Salas, Steven"]
[Result "1/2-1/2"]
[WhiteElo "2242"]
[BlackElo "2135"]
[PlyCount "77"]
[EventDate "2023.08.14"]
[EventType "tourn"]
[EventRounds "9"]
[EventCountry "RUS"]
[EventCategory "2"]
[SourceTitle "CBM 215 Extra"]
[Source "ChessBase"]
[SourceDate "2023.09.30"]
[SourceVersion "1"]
[SourceVersionDate "2023.09.30"]
[SourceQuality "1"]

1. d4 d5 2. c4 e6 3. Nc3 c5 4. cxd5 cxd4 5. Qa4+ Bd7 6. Qxd4 exd5 7. Qxd5 Nf6 8. Qb3 Na6 9. Nf3 Nc5 10. Qc2 Rc8 11. Be3 b5 12. a3 a5 13. Qd1 a4 14. Nd4 Nce4 15. Nxe4 Nxe4 16. f3 Nd6 17. Bf4 Nc4 18. e4 Qf6 19. Bxc4 Qxf4 20. Bxb5 Qe3+ 21. Kf1 Rd8 22. Nc6 Rb8 23. Qd5 Qc5 24. Qxc5 Bxc5 25. Nxb8 Bxb5+ 26. Ke1 Ke7 27. Rc1 Kd6 28. Rd1+ Ke6 29. Rd5 Rc8 30. Kd2 Bc4 31. Rxc5 Rxc5 32. Rc1 Kd6 33. e5+ Ke6 34. Na6 Rd5+ 35. Ke3 Rxe5+ 36. Kd4 Bxa6 37. Rc6+ Kf5 38. Rxa6 Re2 39. g3 1/2-1/2

[Event "Moscow RSHSH"]
[Site "Moscow"]
[Date "2023.08.15"]
[Round "2"]
[White "Novozhilov, Semen"]
[Black "Rojas Salas, Steven"]
[Result "0-1"]
[WhiteElo "2301"]
[BlackElo "2135"]
[PlyCount "110"]
[EventDate "2023.08.14"]
[EventType "tourn"]
[EventRounds "9"]
[EventCountry "RUS"]
[EventCategory "2"]
[SourceTitle "CBM 215 Extra"]
[Source "ChessBase"]
[SourceDate "2023.09.30"]
[SourceVersion "1"]
[SourceVersionDate "2023.09.30"]
[SourceQuality "1"]

1. d4 d5 2. c4 e6 3. Nf3 Nf6 4. g3 dxc4 5. Bg2 c5 6. 0-0 Nc6 7. Ne5 Bd7 8. Na3 cxd4 9. Naxc4 Be7 10. Qb3 Qc7 11. Nxc6 Bxc6 12. Bf4 Qd8 13. Bxc6+ bxc6 14. Ne5 c5 15. Qa4+ Kf8 16. Rac1 Qe8 17. Qb3 Nd5 18. Bd2 f6 19. Qf3 Rc8 20. Rc2 Kg8 21. Qg4 Bf8 22. Nc4 h5 23. Qe4 h4 24. g4 h3 25. Kh1 Rh4 26. Rg1 Nb6 27. f3 Qc6 28. Qxc6 Rxc6 29. Na5 Rc8 30. Rgc1 g5 31. b4 Rh7 32. bxc5 Rhc7 33. Nb3 e5 34. e3 d3 35. Rc3 Na4 36. Rxd3 Nxc5 37. Nxc5 Rxc5 38. Rxc5 Rxc5 39. Bc3 e4 40. fxe4 Rc4 41. Kg1 Rxe4 42. Kf1 Kf7 43. Bd4 Rxg4 44. Rd2 a5 45. Rf2 Be7 46. a4 Ke6 47. Rf3 Rh4 48. Rf2 f5 49. Rc2 Bd6 50. Ra2 Rh7 51. Bb6 Rb7 52. Bxa5 Rb1+ 53. Be1 Bb4 54. Re2 g4 55. e4 f4 0-1

[Event "Pan American-ch U18"]
[Site "Montevideo"]
[Date "2022.06.27"]
[Round "2"]
[White "Perez Rojas, Jorge"]
[Black "Rojas Salas, Steven"]
[Result "0-1"]
[WhiteElo "1839"]
[BlackElo "2193"]
[PlyCount "90"]
[EventDate "2022.06.26"]
[EventType "swiss"]
[EventRounds "9"]
[EventCountry "URU"]
[SourceTitle "EXT 2023"]
[Source "ChessBase"]
[SourceDate "2022.10.05"]
[SourceVersion "1"]
[SourceVersionDate "2022.10.05"]
[SourceQuality "1"]

1. d4 Nf6 2. Bf4 d5 3. e3 c5 4. c3 Nc6 5. Nd2 Bf5 6. dxc5 e5 7. Bg3 Bxc5 8. Ngf3 Qe7 9. b4 Bd6 10. a3 0-0 11. Be2 Ne4 12. Nxe4 Bxe4 13. h4 Bxf3 14. gxf3 Qe6 15. Qb3 Rfd8 16. Rd1 a5 17. e4 d4 18. Qxe6 fxe6 19. b5 Ne7 20. cxd4 exd4 21. Bxd6 Rxd6 22. Kd2 Ng6 23. Rc1 d3 24. Bd1 Rf8 25. Rc3 Rfd8 26. Bb3 Ne5 27. f4 Nf3+ 28. Kd1 Kf8 29. Bc4 Nd4 30. e5 Ne2 31. Rb3 Rd4 32. Bxe6 a4 33. Rb4 Rxb4 34. axb4 Nxf4 35. Bf5 d2 36. Bb1 a3 37. Kc2 Ne2 38. Rd1 Nc1 39. Rxd2 Rxd2+ 40. Kxd2 a2 41. Bxa2 Nxa2 42. Kd3 Nxb4+ 43. Kc4 Nc2 44. Kc5 Ke7 45. Kb6 Nd4 0-1

[Event "South America-ch U18 17th"]
[Site "Guayaquil"]
[Date "2022.01.28"]
[Round "5"]
[White "Rojas Salas, Steven"]
[Black "Esmeraldas Huachi, Anderson Yahir"]
[Result "1-0"]
[WhiteElo "2223"]
[BlackElo "2060"]
[PlyCount "147"]
[EventDate "2022.01.25"]
[EventType "swiss"]
[EventRounds "9"]
[EventCountry "ECU"]
[SourceTitle "CBM 206 Extra"]
[Source "ChessBase"]
[SourceDate "2022.03.31"]
[SourceVersion "1"]
[SourceVersionDate "2022.03.31"]
[SourceQuality "1"]

1. d4 d5 2. c4 e6 3. Nc3 Nf6 4. cxd5 exd5 5. Bg5 Be7 6. e3 0-0 7. Bd3 c6 8. Nf3 h6 9. Bh4 Ne4 10. Bxe7 Qxe7 11. Qc2 Nxc3 12. bxc3 Nd7 13. 0-0 Nf6 14. c4 dxc4 15. Bxc4 Be6 16. Rfc1 Rac8 17. Bxe6 Qxe6 18. Qa4 a6 19. Rab1 Rc7 20. Ne5 Qf5 21. Qa5 Rfc8 22. Nc4 Qe6 23. Nb6 Rd8 24. Na4 Qe7 25. Qc5 Qe8 26. Nc3 Ne4 27. Qa5 Nxc3 28. Rxc3 Qe7 29. Rc5 Qe4 30. Rxb7 Rxb7 31. Qxd8+ Kh7 32. h3 Rb1+ 33. Kh2 Rb2 34. Re5 Qc2 35. Qd7 Qxf2 36. Qxc6 Rxa2 37. Qe4+ g6 38. Re7 h5 39. Qd5 Kg7 40. Re8 h4 41. Qe5+ f6 42. Qc7+ Kh6 43. Rh8+ Kg5 44. Qc5+ Qf5 45. Qf8 Rb2 46. Qa8 Qf2 47. Qd5+ Qf5 48. Qxf5+ Kxf5 49. Rxh4 Re2 50. Rf4+ Ke6 51. Re4+ Kd5 52. Re8 a5 53. Kg3 a4 54. Kf3 Ra2 55. Rc8 a3 56. Rc5+ Ke6 57. Rc6+ Ke7 58. Ra6 Ra1 59. Ke4 g5 60. Kd5 Kf7 61. e4 a2 62. g4 Kg7 63. Ra7+ Kg6 64. Ra3 Kg7 65. Ke6 Rd1 66. Rxa2 Rxd4 67. Kf5 Rd3 68. Ra7+ Kh6 69. Kxf6 Rxh3 70. Ra5 Rf3+ 71. Rf5 Rf4 72. e5 Rxg4 73. e6 Re4 74. e7 1-0

[Event "South America-ch U18 17th"]
[Site "Guayaquil"]
[Date "2022.01.28"]
[Round "6"]
[White "Rojas Salas, Steven"]
[Black "Varillas Jimenes, Ivan"]
[Result "1-0"]
[WhiteElo "2223"]
[BlackElo "1959"]
[PlyCount "85"]
[EventDate "2022.01.25"]
[EventType "swiss"]
[EventRounds "9"]
[EventCountry "ECU"]
[SourceTitle "CBM 206 Extra"]
[Source "ChessBase"]
[SourceDate "2022.03.31"]
[SourceVersion "1"]
[SourceVersionDate "2022.03.31"]
[SourceQuality "1"]

1. d4 d5 2. c4 c6 3. Nc3 Nf6 4. e3 e6 5. Nf3 Nbd7 6. Qc2 Bd6 7. Bd3 Qe7 8. b3 b6 9. Bb2 Bb7 10. 0-0 0-0 11. Rad1 Rad8 12. Qe2 c5 13. cxd5 exd5 14. Bb1 Ne4 15. g3 Nxc3 16. Bxc3 Nf6 17. dxc5 bxc5 18. Ba5 Rde8 19. b4 cxb4 20. Nd4 g6 21. Qb2 a6 22. Nc2 Ne4 23. Bxb4 Bxb4 24. Qxb4 Qd7 25. Nd4 Ng5 26. Bd3 Bc8 27. Rfe1 Qg4 28. Qd6 Rd8 29. Qf6 Ne4 30. Bxe4 Qxe4 31. f3 Qe8 32. Nc6 Rd7 33. Rxd5 Rc7 34. Ne5 Be6 35. Rd2 Qb8 36. Red1 Qb6 37. Kf2 Qa5 38. Nd3 Qh5 39. h4 Bd5 40. Ne5 Be6 41. Rd8 Rc2+ 42. Kg1 Rc8 43. Nc6 1-0

[Event "Titled Tuesday intern op 26th Oct"]
[Site "Chess.com INT"]
[Date "2021.10.26"]
[Round "1"]
[White "Cramling Bellon, Anna"]
[Black "Rojas Salas, Steven"]
[Result "0-1"]
[WhiteElo "2035"]
[BlackElo "2174"]
[PlyCount "126"]
[EventDate "2021.10.26"]
[EventType "swiss (blitz)"]
[EventRounds "11"]
[EventCountry "USA"]
[SourceTitle "CBM 204 Extra"]
[Source "ChessBase"]
[SourceDate "2021.11.30"]
[SourceVersion "1"]
[SourceVersionDate "2021.11.30"]
[SourceQuality "1"]

1. d4 d5 2. c4 c6 3. Nf3 Nf6 4. Nc3 a6 5. c5 g6 6. Bg5 Bg7 7. e3 0-0 8. Bd3 Qe8 9. 0-0 Nfd7 10. e4 dxe4 11. Nxe4 h6 12. Bh4 f5 13. Bc4+ Kh8 14. Nd6 exd6 15. Re1 Ne5 16. dxe5 dxe5 17. Nxe5 Bxe5 18. f4 Nd7 19. fxe5 Nxc5 20. Qc1 Kh7 21. e6 Ne4 22. e7 Rf7 23. Bxf7 Qxf7 24. Qd1 Be6 25. Qd8 Qe8 26. Qxe8 Rxe8 27. Rad1 g5 28. Rd8 Rxe7 29. Bf2 Bxa2 30. Bc5 Re5 31. Rd7+ Kg6 32. Bd4 Rd5 33. Rxd5 Bxd5 34. b4 f4 35. Rd1 Kf5 36. Bg7 h5 37. Kf1 g4 38. Ke2 Ng5 39. Bc3 Ne6 40. Kf1 Bc4+ 41. Kg1 c5 42. bxc5 Nxc5 43. Re1 Ne4 44. Bd4 a5 45. Rb1 b5 46. Bb6 a4 47. Ba5 f3 48. Bb4 f2+ 49. Kh1 f1Q+ 50. Rxf1+ Bxf1 51. h3 g3 52. h4 Bxg2+ 53. Kxg2 Kg4 54. Be7 Nd2 55. Bf6 Nc4 56. Bg5 a3 57. Bf6 b4 58. Kh1 b3 59. Kg2 b2 60. Bxb2 axb2 61. Kh1 b1Q+ 62. Kg2 Qc2+ 63. Kh1 Qh2# 0-1

[Event "Pan American-ch Hybrid U18 31st"]
[Site "Tornelo INT"]
[Date "2021.09.04"]
[Round "7"]
[White "Peng, Shunkai"]
[Black "Rojas Salas, Steven"]
[Result "1-0"]
[WhiteElo "2296"]
[BlackElo "2125"]
[PlyCount "57"]
[EventDate "2021.09.04"]
[EventType "swiss"]
[EventRounds "9"]
[EventCountry "NET"]
[SourceTitle "EXT 2023"]
[Source "ChessBase"]
[SourceDate "2022.10.05"]
[SourceVersion "1"]
[SourceVersionDate "2022.10.05"]
[SourceQuality "1"]

1. e4 e5 2. Nf3 Nc6 3. Bb5 a6 4. Ba4 Nf6 5. 0-0 b5 6. Bb3 Bc5 7. Nc3 d6 8. Nd5 Na5 9. d4 Bxd4 10. Nxd4 exd4 11. Bg5 c6 12. Nxf6+ gxf6 13. Qxd4 Rg8 14. Bxf6 Qd7 15. Rfd1 Nb7 16. Qe3 Rg6 17. Bh4 Kf8 18. Bg3 Na5 19. Qb6 Nxb3 20. axb3 Kg8 21. f4 d5 22. f5 Rg4 23. exd5 cxd5 24. Be5 Kf8 25. Qc5+ Ke8 26. Rxd5 Qa7 27. Qxa7 Rxa7 28. Bf6 Bd7 29. Re1+ 1-0

[Event "Pan American-ch Hybrid U18 31st"]
[Site "Tornelo INT"]
[Date "2021.09.04"]
[Round "1"]
[White "Rojas Salas, Steven"]
[Black "Mayta Aiza, Vicmar"]
[Result "1-0"]
[WhiteElo "2125"]
[BlackElo "1591"]
[PlyCount "111"]
[EventDate "2021.09.04"]
[EventType "swiss"]
[EventRounds "9"]
[EventCountry "NET"]
[SourceTitle "EXT 2023"]
[Source "ChessBase"]
[SourceDate "2022.10.05"]
[SourceVersion "1"]
[SourceVersionDate "2022.10.05"]
[SourceQuality "1"]

1. c4 e6 2. Nc3 d5 3. d4 c5 4. cxd5 exd5 5. Nf3 Nf6 6. g3 Be6 7. Bg2 Nc6 8. 0-0 Be7 9. b3 0-0 10. Bb2 Rc8 11. dxc5 Bxc5 12. Rc1 Be7 13. Ng5 d4 14. Nb5 Bd5 15. Nxd4 Bxg2 16. Kxg2 Nxd4 17. Rxc8 Qxc8 18. Bxd4 Rd8 19. Nf3 h6 20. Qc1 Qe6 21. Qe3 Qxe3 22. Bxe3 Nd5 23. Bd4 a6 24. Rc1 Ba3 25. Rc4 f5 26. Be5 g5 27. e4 Nb6 28. Rd4 Rxd4 29. Bxd4 fxe4 30. Bxb6 exf3+ 31. Kxf3 Kf7 32. Ke4 Ke6 33. g4 Bd6 34. h3 Bf4 35. Bd4 Kf7 36. Be5 Bc1 37. f4 Ke6 38. f5+ Kf7 39. Kd5 Ba3 40. Bc3 Be7 41. Be5 Bb4 42. a4 Ba3 43. Bd6 Bc1 44. Bb4 Bf4 45. Ba5 Kf6 46. Kc5 Be3+ 47. Kd6 Bf4+ 48. Kd7 h5 49. Bc3+ Kf7 50. gxh5 b5 51. axb5 axb5 52. h6 Kg8 53. f6 g4 54. f7+ Kxf7 55. h7 gxh3 56. h8Q 1-0

[Event "Pan American-ch Hybrid U18 31st"]
[Site "Tornelo INT"]
[Date "2021.09.04"]
[Round "4"]
[White "Titichoca Daza, Daniel Henry"]
[Black "Rojas Salas, Steven"]
[Result "1/2-1/2"]
[WhiteElo "2061"]
[BlackElo "2125"]
[PlyCount "24"]
[EventDate "2021.09.04"]
[EventType "swiss"]
[EventRounds "9"]
[EventCountry "NET"]
[SourceTitle "EXT 2023"]
[Source "ChessBase"]
[SourceDate "2022.10.05"]
[SourceVersion "1"]
[SourceVersionDate "2022.10.05"]
[SourceQuality "1"]

1. e4 e5 2. Nf3 Nc6 3. Bc4 Nf6 4. d4 exd4 5. 0-0 Nxe4 6. Re1 d5 7. Bxd5 Qxd5 8. Nc3 Qh5 9. Nxe4 Be6 10. Bg5 Bd6 11. Nxd6+ cxd6 12. Bf4 0-0 1/2-1/2